000 00772cab a2200253 4500
001 ABS52412
008 090401t1995 xxu||||| |||| 00| 0 eng d
035 _a(Sirsi) u76557
041 _aeng
100 _aKelly, G.
245 _aGiving surveyors a competitive advantage
260 _c1995
350 _a0
490 _aCSM (Chartered Surveyor Monthly)
_v4(5) March 1995, 30-31(2)
520 _aDescribes the on-line services available from the Building Cost Information Service.
650 _aBCIS
650 _aBUILT ENVIRONMENT-BUILDING COSTS
650 _aONLINE SERVICES
690 _aBUILT ENVIRONMENT-BUILDING COSTS
690 _aMANAGEMENT-BUSINESS MANAGEMENT-INFORMATION MANAGEMENT
700 _aCrofts, J.
942 _n0
948 _c04/03/1997
999 _c48126
_d48126